Peacekeepers, politicians, and warlords : (Record no. 39320)
[ view plain ]
| 000 -LEADER | |
|---|---|
| fixed length control field | 00912cam a2200253 a 4500 |
| 001 - CONTROL NUMBER | |
| control field | 11768698 |
| 005 - DATE AND TIME OF LATEST TRANSACTION | |
| control field | 20171222042027.0 |
| 008 - FIXED-LENGTH DATA ELEMENTS--GENERAL INFORMATION | |
| fixed length control field | 990810s1999 ja ab b i001 0 eng |
| 010 ## - LIBRARY OF CONGRESS CONTROL NUMBER | |
| LC control number | 99006832 |
| 020 ## - INTERNATIONAL STANDARD BOOK NUMBER | |
| International Standard Book Number | 9280810316 |
| 035 ## - SYSTEM CONTROL NUMBER | |
| System control number | (DLC) 99006832 |
| 040 ## - CATALOGING SOURCE | |
| Original cataloging agency | DLC |
| Transcribing agency | DLC |
| Modifying agency | DLC |
| 041 ## - LANGUAGE CODE | |
| Language code of text/sound track or separate title | eng |
| 043 ## - GEOGRAPHIC AREA CODE | |
| Geographic area code | f-lb--- |
| 080 ## - UNIVERSAL DECIMAL CLASSIFICATION NUMBER | |
| Universal Decimal Classification number | 966.6203 ALA |
| 082 00 - DEWEY DECIMAL CLASSIFICATION NUMBER | |
| Classification number | 966.6203 ALA |
| Edition number | 21 |
| 100 1# - Rafti | |
| Rafti | 16 |
| 101 ## - Shkurtesa | |
| Shkurtesa | HIS |
| 245 10 - TITLE STATEMENT | |
| Title | Peacekeepers, politicians, and warlords : |
| Statement of responsibility, etc | Abiodun Alao, John Mackinlay, and ʼFunmi Olonisakin. |
| 504 ## - BIBLIOGRAPHY, ETC. NOTE | |
| Bibliography, etc | Includes bibliographical references (p. [175]-183) and index. |
| 906 ## - LOCAL DATA ELEMENT F, LDF (RLIN) | |
| a | 7 |
| b | cbc |
| c | orignew |
| d | 1 |
| e | ecip |
| f | 19 |
| g | y-gencatlg |
| 942 ## - ADDED ENTRY ELEMENTS (KOHA) | |
| Source of classification or shelving scheme | |
| Item type | Books |
| Withdrawn status | Lost status | Source of classification or shelving scheme | Damaged status | Not for loan | Collection code | Permanent location | Current location | Shelving location | Date acquired | Total Checkouts | Full call number | Barcode | Date last seen | Price effective from | Koha item type |
|---|---|---|---|---|---|---|---|---|---|---|---|---|---|---|---|
| Koleksioni i përgjithshem | UBT - Lipjan | UBT - Lipjan | Koleksioni i përgjithshem | 12/22/2017 | 966.6203 ALA | 002-2939860 | 12/22/2017 | 12/22/2017 | Books | ||||||
| Koleksioni i përgjithshem | UBT - Lipjan | UBT - Lipjan | Koleksioni i përgjithshem | 12/22/2017 | 966.6203 ALA | 002-2939855 | 12/22/2017 | 12/22/2017 | Books | ||||||
| Koleksioni i përgjithshem | UBT - Lipjan | UBT - Lipjan | Koleksioni i përgjithshem | 12/22/2017 | 966.6203 ALA | 002-2939850 | 12/22/2017 | 12/22/2017 | Books | ||||||
| Koleksioni i përgjithshem | UBT - Lipjan | UBT - Lipjan | Koleksioni i përgjithshem | 12/22/2017 | 966.6203 ALA | 002-2939845 | 12/22/2017 | 12/22/2017 | Books | ||||||
| Koleksioni i përgjithshem | UBT - Lipjan | UBT - Lipjan | Koleksioni i përgjithshem | 12/22/2017 | 966.6203 ALA | 002-2939840 | 12/22/2017 | 12/22/2017 | Books | ||||||
| Koleksioni i përgjithshem | UBT - Lipjan | UBT - Lipjan | Koleksioni i përgjithshem | 12/22/2017 | 966.6203 ALA | 002-2939876 | 12/22/2017 | 12/22/2017 | Books | ||||||
| Koleksioni i përgjithshem | UBT - Lipjan | UBT - Lipjan | Koleksioni i përgjithshem | 12/22/2017 | 966.6203 ALA | 002-2939866 | 12/22/2017 | 12/22/2017 | Books | ||||||
| Koleksioni i përgjithshem | UBT - Lipjan | UBT - Lipjan | Koleksioni i përgjithshem | 12/22/2017 | 966.6203 ALA | 002-2939861 | 12/22/2017 | 12/22/2017 | Books |